MDQL
is popping MORE tags! Check the
thread
!
Quizzes
Events
Quiz Creation
Community
Videos
Private Events
Remove Ads
Sign In
Join for FREE
Feedback
Dark Mode
Quiz Categories
Sports
Geography
Music
Movies
Television
Just For Fun
Miscellaneous
History
Literature
Language
Science
Gaming
Entertainment
Religion
Holiday
For Kids
Quiz Lab
Recent
Popular Today
Quiz Kudos Today
Editor Picks
Curator Picks
Quizzes by...
Day
Popularity
Type
Ratings
Length
Year
Community
Subscriptions
Recent Discussions
Orange Saloon
Badges
Playlists
Quests
Create
Leaderboards
Showdown
Live 5
Trivia Bingo
Activity
Puzzle Library
Sporcle Events
Private Events
Virtual Trivia
Globe League
Become a Host
Pub Owners
SporcleCon
Opinionation
Our Games
Videos
Blog
Mobile Apps
Partnerships
Remove Ads and Go Orange
Feedback
Gaming
Video Games
Board Games
Card Games
Pokémon
Mario
Nintendo
Minecraft
Console
Toys
Legend of Zelda
Gaming
Video Games
Board Games
Card Games
Pokémon
Mario
Nintendo
Minecraft
Console
Toys
Legend of Zelda
Random Quiz
Search Sporcle
×
Quiz Lab
Quiz Lab
Gaming
Video Games
Type in answers that appear in a list
Type in answers that appear in a list
Classic
Best Score? Go Orange.
Video Games by Collectible Stats
Can you name the Video Games by Collectible/Currency??
By
BloodRedDragon
4m
30 Questions
580 Plays
580 Plays
580 Plays
Comments
Comments
Give Quiz Kudos
Give Quiz Kudos
-
- Ratings
hide this ad
More Info
Replay
Link that replays current quiz
Next Quiz
Link to next quiz in quiz playlist
You Got
0%
They Got
Avg Score
38%
Avg Friend Score
Upgrade to see
Score Distribution
Jump to the score distribution portion of the page
Score
0/30
Timer
04:00
0
Plays Today
Collectible
Game
% Correct
Gold Coins
Super Mario Bros
95.7%
Gold Rings
Sonic the Hedgehog
94%
Rupees
The Legend of Zelda
90.7%
Bananas
Donkey Kong Country
84.7%
Dots, PowerPills
Pac-Man
65.9%
Jiggys, Musical Notes, Mumbo Tokens
Banjo Kazooie
51.2%
Wumpa Fruit, Crystals
Crash Bandicoot
50%
Chozo Artifacts
Metroid Prime
49.1%
Shine Sprites
Super Mario Sunshine
46%
Badges
Pokemon
44.5%
Cake
Portal
43.4%
Power Stars
Super Mario 64
41.7%
Medals, Secret Tapes, Stat points,S.K.A.T.E letters
Tony Hawk's Series
40.9%
Bolts
Ratchet and Clank
36.9%
Pinatas
Viva Pinata!
33.1%
Collectible
Game
% Correct
Stars
Kirby
32.8%
Precursor Orbs, Power Cells
Jak and Daxter
29%
Gems, Talismans, Orbs
Spyro the Dragon
27.4%
Trophies
Super Smash Bros
26.9%
Crystal Stars
Paper Mario: The Thousand Year Door
26.6%
Studs, Minikits
Lego Game Series
25.9%
Lums
Rayman
22.9%
Golden Spatulas, Socks
Spongebob Squarepants: Battle for Bikini Bottom
22.2%
Gold Skulls, Silver skulls
Halo
15%
TV Remotes
Gex Series
12.4%
Cobalt Star Shards
Mario and Luigi: Partners in Time
10.7%
Clocks
Bugs Bunny Lost in Time
9.8%
Vegetables
Ice Climber
8.8%
Fossils, Minerals
Spectrobes
2.2%
Carrots
Jazz Jackrabbit
1.2%
Quiz Playlist
Details
Report
Send in Message
Add To Playlist
More Info:
Only the collectibles/currencies vital to finishing/surviving in that particular game are included, not any extra ones.
Classic:
Type in answers that appear in a list
Last Updated: Feb 16, 2017
Quiz Scoreboard
CHALLENGE
Sign Up to Join the Scoreboard
Show All
Scores
Hide
Comments
May contain spoilers
Recently Published
5x2 Blitz: Bands
by SL_Kpop136
Music
30s
Colored Red Africa Blitz
by spor1
Geography
30s
Find the 'City' Movie
by crazypaving
Movies
60s
More to Explore
Quiz From the Vault
Featured Blog Post
14 Easter Pick-up Lines to Find Eggs With
hide this ad
You Might Also Like...
Tags
Video Games Quiz
Today's Top Quizzes in Gaming
Browse Gaming
hide this ad
Today's Top Quizzes in Video Games
Browse Video Games
Top Contributed Quizzes in Gaming
1
League of Legends Pro Players by Career/Team History
2
Genshin murder mystery
3
Destiny 2 exotic weapons by perk icons
4
Dead By Daylight Logic Puzzle
5
Genshin Impact Logic Puzzle
6
Valorant Agent Developer Names (Up to Clove)
7
Overwatch 2: Ultimate Ability Icons
8
Who's on the WWE 2K24 Cover?
9
Genshin Impact Logic Puzzle Quiz II
10
4x4 Decades: Video Games
Explore More
Trending Topics
Anime
Kpop
Marvel
Disney
NBA
Crossword
Harry Potter
WWE
Song
Soccer
Country
Puzzle
Pokémon
The Office
NFL
hide this ad
More By:
BloodRedDragon
Quiz
Plays
Rating
Category
Featured
Created
Spyro the Dragon A-Z
2,123
3.40
Gaming
Jan 3, 2011
Video Games by Collectible
580
2.39
Gaming
Sep 1, 2010
Film Names by Anagrams
350
1.00
Movies
Sep 15, 2010
Video games by Complaint
210
1.75
Gaming
May 29, 2011
Backwards Pokemon
165
1.17
Gaming
Jun 26, 2011
Go to Creator's Profile
Score Distribution
Quiz Creator Spotlight
BloodRedDragon
Follow
Send a Message
Quizzes Created
-
Created Quiz Play Count
-
More By This Creator
Popular Quizzes Today
1
Colored Red Africa Blitz
2
Find the 'City' Movie
3
Find the US States - No Outlines Minefield
4
5x2 Blitz: Bands
5
The Countries of the World
6
Find the US States
7
US States
8
Find the Countries of Europe - No Outlines Minefield
More Gaming Quizzes
Ladders in Video Games
Published
Trending Quizzes
Colored Red Europe Blitz I
Colored Red Africa Blitz II
Colored Red Europe Blitz II
Colored Red Europe Blitz III
Colored Red Africa Blitz III
Recently Updated
How Do You Spell That?
pecheneg
Godzilla Movies
pecheneg
Grab Bag: 4-10 Letters
pecheneg
2024 March Madness Bracket
pecheneg
Famous TV Couples
Peacemaker
Champions League XIs: Real Madrid
pecheneg
Largest US Cities 1790-2010
pecheneg
Rides in Walt Disney World
pecheneg
Most Oscar Losses (Acting)
pecheneg
Beyoncé Albums
pecheneg
Trending Topics
NBA
Marvel
Anime
Kpop
Crossword
Harry Potter
Disney
The Office
Pokémon
Song
Country
WWE
NFL
Soccer
Puzzle
Your Account Isn't Verified!
In order to create a playlist on Sporcle, you need to verify the email address you used during registration. Go to your
Sporcle Settings
to finish the process.
Report this User
Report this user for behavior that violates our
Community Guidelines
.
Details:
Send Report
Go to the Sporcle.com Mobile Site →
Comments